Estimating and costing in civil engineering: theory and practice (Record no. 29833)

MARC details
000 -LEADER
fixed length control field 00515nam a2200193Ia 4500
020 ## - INTERNATIONAL STANDARD BOOK NUMBER
ISBN 9788174766113
050 ## - CALL MARK
Classification number TA 183 .D88/
100 ## - STATEMENT OF RESPONSIBILITY--MAIN AUTHOR NAME
Personal name Dutta, B.N.
245 #0 - TITLE STATEMENT
Title Estimating and costing in civil engineering: theory and practice
250 ## - EDITION / VOLUME STATEMENT
Edition / Volume statement 26th ed.
260 ## - PUBLICATION, DISTRIBUTION, ETC. (IMPRINT)
Place of publication New Delhi
260 ## - PUBLICATION, DISTRIBUTION, ETC. (IMPRINT)
Name of publisher UBS publishers distributors Pvt.Ltd.
260 ## - PUBLICATION, DISTRIBUTION, ETC. (IMPRINT)
Year of publication 2011
300 ## - PHYSICAL DESCRIPTION
Number of Pages 904 p
650 ## - SUBJECT ADDED ENTRY--TOPICAL TERM
Topical Term Engineering--Estimates.
942 ## - ADDED ENTRY ELEMENTS (KOHA)
Koha item type Books
Holdings
Withdrawn status Lost status Source of classification or shelving scheme Damaged status Not for loan Permanent Location Current Location Shelving location Date acquired Accession Number Price effective from Koha item type
    Library of Congress Classification     NILE UNIVERSITY OF NIGERIA - MAIN LIBRARY NILE UNIVERSITY OF NIGERIA - MAIN LIBRARY Items on shelf 04/23/2025 0185574 04/23/2025 Books